Electrical machines / (Record no. 188440)
[ view plain ]
| 000 -LEADER | |
|---|---|
| fixed length control field | 00815 a2200193 4500 |
| 003 - CONTROL NUMBER IDENTIFIER | |
| control field | Nust |
| 005 - DATE AND TIME OF LATEST TRANSACTION | |
| control field | 20221027180414.0 |
| 020 ## - INTERNATIONAL STANDARD BOOK NUMBER | |
| International Standard Book Number | 8131705099 |
| 040 ## - CATALOGING SOURCE | |
| Transcribing agency | Nust |
| 082 ## - DEWEY DECIMAL CLASSIFICATION NUMBER | |
| Classification number | 621.31,GHO |
| 100 ## - MAIN ENTRY--PERSONAL NAME | |
| Personal name | Ghosh, Smarajit, |
| 9 (RLIN) | 732 |
| 245 ## - TITLE STATEMENT | |
| Title | Electrical machines / |
| Statement of responsibility, etc. | Smarajit Ghosh |
| 260 ## - PUBLICATION, DISTRIBUTION, ETC. | |
| Place of publication, distribution, etc. | India |
| Name of publisher, distributor, etc. | Pearson education |
| Date of publication, distribution, etc. | 2007 |
| 300 ## - PHYSICAL DESCRIPTION | |
| Extent | xvi, 637 p |
| Other physical details | illus |
| Dimensions | 24 cm |
| 505 ## - FORMATTED CONTENTS NOTE | |
| Formatted contents note | Introduction (Page-1), Transform (Page-26), Three Phase Transformers (Page-130), Basic Concepts of Rotating Machines (Page-161), DC Generators (Page-208), DC Motors (Page-275), Synchronous Generators (Page-349), Synchronous Motors (Page-426), Poly Phase Induction Motors (Page-482), Single Phase Motors and Special Machines (Page-560). |
| 600 ## - SUBJECT ADDED ENTRY--PERSONAL NAME | |
| Personal name | Ghosh, Smarajit, |
| 9 (RLIN) | 732 |
| 650 ## - SUBJECT ADDED ENTRY--TOPICAL TERM | |
| Topical term or geographic name entry element | Electrical machines |
| 9 (RLIN) | 60655 |
| 942 ## - ADDED ENTRY ELEMENTS (KOHA) | |
| Source of classification or shelving scheme | |
| Koha item type | Book |
| Withdrawn status | Lost status | Source of classification or shelving scheme | Damaged status | Not for loan | Permanent Location | Current Location | Shelving location | Date acquired | Full call number | Barcode | Date last seen | Price effective from | Koha item type | Public note |
|---|---|---|---|---|---|---|---|---|---|---|---|---|---|---|
| Military College of Signals (MCS) | Military College of Signals (MCS) | General Stacks | 12/12/2016 | 621.31,GHO | MCS34663 | 12/08/2016 | 12/12/2016 | Book | Almirah No.28, Shelf No.6 |
